Nordrhein-Westfalen Top 30 Cities by population - Statistics

General Stats
  • This quiz has been taken 242 times
  • The average score is 23 of 30
Answer Stats
Population City % Correct
1,005,775 Köln
100%
586,291 Düsseldorf
99%
571,143 Dortmund
97%
566,201 Essen
97%
488,468 Duisburg
94%
305,765 Bonn
92%
236,420 Aachen
90%
326,870 Bielefeld
90%
289,576 Münster
90%
362,286 Bochum
89%
342,661 Wuppertal
87%
258,766 Gelsenkirchen
86%
255,188 Mönchengladbach
84%
158,984 Leverkusen
81%
210,216 Oberhausen
81%
176,037 Hamm
79%
187,944 Hagen
78%
222,247 Krefeld
74%
142,365 Paderborn
69%
155,265 Solingen
67%
155,160 Herne
66%
150,568 Neuss
66%
117,311 Bottrop
64%
115,958 Recklinghausen
64%
108,878 Bergisch Gladbach
63%
166,865 Mülheim
63%
99,187 Siegen
59%
110,708 Remscheid
55%
104,009 Moers
51%
96,382 Witten
40%
No matching quizzes found
Score Distribution
Percent of People with Each Score
Percentile by Number Answered
Your Score History
You have not taken this quiz